01786naa a2200229 i 4500001000400000003000400004005001700008008003900025040000800064080000800072100016400080245015300244260001000397500013500407520045000542650001100992650001401003650003701017700016501054711009901219773023801318BPPBPK20180404132615.0150218s2002 pl f |100 0 pol cBPK a691 aDONDELEWSKI, Henryk.d1996 - .bPolitechnika Koszalińska - Wydział Budownictwa i Inżynierii Środowiska,cKatedra Budownictwa i Materiałów Budowlanych aWpływ modyfikatorów wiązania i twardnienia na wytrzymałość betonów drobnokruszywowych grupy BDSW /cHenryk Dondelewski, Lesław Macieik. c2002. aDane z Informatora o publikowanych wynikach prac naukowo-badawczych w 2002 roku Wydziału Budownictwa i Inżynierii Środowiska. aAutorzy przedstawili wyniki badań ilościowych dotyczące procentowych zmian wytrzymałości na ściskanie w okresie 28 dni. Zainteresowanie skupiono na wpływie obecności modyfikatorów w okresie od jednej doby, gdyż doświadczenie uczy, że środowisko zaczyna już wówczas wywierać widoczny wpływ na przebieg dojrzewania. Wyniki przedstawiono w postaci wykresów umożliwiających dokonywanie odpowiednich porównań. 0aBeton. 0aKruszywo. 0aWytrzymałość materiałów. aMACIEIK, Lesław.d1996 - 2003.bPolitechnika Koszalińska - Wydział Budownictwa i Inżynierii Środowiska,cKatedra Budownictwa i Materiałów Budowlanych aKonferencja Naukowo-Techniczna "Jadwisin 2002"n(18 ;d2002 ;cPopowo, Polska).pJADWISIN 2002 iW : tBeton i prefabrykacja : XVIII Konferencja Naukowo-Techniczna "Jadwisin 2002", Popowo k. Warszawy, 10-12 kwietnia 2002 r. -dWarszawa : Centralny Ośrodek Badawczo-Rozwojowy Przemysłu Betonów "Cebet", 2002. -gT. 1, s. 77-82